000 00644nam a2200217 a 4500
001 18251
003 CO-ViMGA
008 141112s2004 ck r 000 u spa d
020 _a9587000846
040 _aCO-ViMGA
_bspa
_cCO-ViMGA
082 0 4 _aMEVIGAPOR.65 D124i
100 1 _aDackar, Henry
_925995
245 1 0 _aInternet
260 _aBogotá,
_cProducciones Henry Dackar Ltda.,
_c2001
300 _a95 p.
490 _aCursos autoasistidos de computacion, serie Gestion Basica Office 2000
590 _aForma de adquisición : Donacion Min - cultura
650 1 4 _aINTERNET
_951
650 1 4 _aRED DE COMPUTACION
_925996
942 _2ddc
_cBK
999 _c27604
_d27604